Normal view
MARC view
- Savage, Charles M
Entry Personal Name
001 - CONTROL NUMBER
- control field: 107850
003 - CONTROL NUMBER IDENTIFIER
- control field: NUST
005 - DATE AND TIME OF LATEST TRANSACTION
- control field: 20230127095453.0
008 - FIXED-LENGTH DATA ELEMENTS
- fixed length control field: 230127|| aca||aabn | a|a d
040 ## - CATALOGING SOURCE
- Original cataloging agency: NUST
- Transcribing agency: NUST
100 ## - HEADING--PERSONAL NAME
- Personal name: Savage, Charles M
670 ## - SOURCE DATA FOUND
- Source citation: Work cat.: (NUST)185973: Savage, Charles M., Fifth generation management :, c1996.
